000 01391nam a22002417a 4500
008 111010s2003 enk|||||r|||| 001 0 eng d
020 _a140390054X
020 _a9781403900548
082 _222
_a378.17
_bBEC
100 _927482
_aBecker, Lucinda
245 _aHow to Manage your Arts, Humanities and Social Science degree /
_cLucinda Becker.
260 _aBasingstoke :
_bPalgrave Macmillan, 2003.
_c2003
300 _avii, 174p ;
_c22 cm.
490 _920971
_aPalgrave study guides
504 _aIncludes bibliographical references and index
653 _bBus
_cOctober2011
942 _2ddc
_cBB
999 _c16128
_d16128